|
|
|
|
| LEADER |
00653nam a22001932a 4500 |
| 001 |
000198030 |
| 003 |
CZ BrMZK |
| 005 |
19970107143423.0 |
| 008 |
970107s1980 pl f pol d |
| 040 |
|
|
|a BOA001
|b cze
|
| 100 |
1 |
|
|a Weinberg, Steven,
|d 1933-2021
|7 jn19990009004
|4 aut
|
| 245 |
1 |
0 |
|a Pierwsze trzy minuty :
|b współczesny obraz początku Wszechświata /
|c Steven Weinberg
|
| 250 |
|
|
|a 1.wyd.
|
| 260 |
|
|
|a Warszawa :
|b Iskry,
|c 1980
|
| 300 |
|
|
|a 220 s.
|
| 910 |
|
|
|a BOA001
|b PK-0089.823
|
| 964 |
|
|
|a Vesmír - vznik - výklady populární
|
| 990 |
|
|
|a BK
|
| 996 |
7 |
|
|b 3119930089
|c PK-0089.823
|l MZK
|r Sklad / do 1 hodiny
|n 1
|w 000198030
|u 000010
|a 1
|e BOA001
|j MZK50
|s A
|